书目信息 |
| 题名: |
卫生计生监督信息系统业务规范
|
|
| 作者: | 陈锐 主编 ;国家卫生计生委 编 | |
| 分册: | ||
| 出版信息: | 北京 中国协和医科大学出版社 2016.12 |
|
| 页数: | 13,346页 | |
| 开本: | 21×29cm | |
| 丛书名: | ||
| 单 册: | ||
| 中图分类: | R199.2-65 | |
| 科图分类: | ||
| 主题词: | 卫生管理--管理规范--中国 | |
| 电子资源: | ||
| ISBN: | 978-7-5679-0562-7 | |
| 000 | 01030nam0 2200241 450 | |
| 001 | 0400001634 | |
| 005 | 20171019092829.0 | |
| 010 | @a978-7-5679-0562-7@b精装@dCNY98.00 | |
| 100 | @a20170802e2016 em y0chiy50 ea | |
| 101 | 0 | @achi |
| 102 | @aCN@b110000 | |
| 105 | @ak z 000yy | |
| 106 | @ar | |
| 200 | 1 | @a卫生计生监督信息系统业务规范@9wei sheng ji sheng jian du xin xi xi tong ye wu gui fan@e2016版@f国家卫生计生委卫生和计划生育监督中心[编] |
| 210 | @a北京@c中国协和医科大学出版社@d2016.12 | |
| 215 | @a13,346页@d21×29cm | |
| 330 | @a本书是在2007年、2009年两版《卫生监督规范用语手册》的基础上,通过全面梳理分析法律法规条文编写而成。内容包括检查大类、检查中类、检查小类、检查内容、违法行为、定性依据、监督意见、处理依据、处理内容等九项。 | |
| 606 | 0 | @a卫生管理@x管理规范@y中国 |
| 690 | @aR199.2-65@v5 | |
| 701 | 0 | @a陈锐@9chen rui@c(卫生管理)@4主编 |
| 712 | 02 | @a国家卫生计生委@9guo jia wei sheng ji sheng wei@b卫生和计划生育监督中心@4编 |
| 801 | 0 | @aCN@b91MARC@c20171019 |
| 905 | @b1025496-500@dR199.2-65@f5@e244 | |
| 卫生计生监督信息系统业务规范:2016版/国家卫生计生委卫生和计划生育监督中心[编].-北京:中国协和医科大学出版社,2016.12 |
| 13,346页;21×29cm |
| ISBN 978-7-5679-0562-7(精装):CNY98.00 |
| 本书是在2007年、2009年两版《卫生监督规范用语手册》的基础上,通过全面梳理分析法律法规条文编写而成。内容包括检查大类、检查中类、检查小类、检查内容、违法行为、定性依据、监督意见、处理依据、处理内容等九项。 |
| ● |
| 相关链接 |
|
|
|
|
正题名:卫生计生监督信息系统业务规范
索取号:R199.2-65/244
 
预约/预借
| 序号 | 登录号 | 条形码 | 馆藏地/架位号 | 状态 | 备注 |
| 1 | 1025496 | 210254963 | 第二样本阅览室/ [索取号:R199.2-65/244] | 在馆 | |
| 2 | 1025497 | 210254972 | 第三借阅区/ [索取号:R199.2-65/244] | 在馆 | |
| 3 | 1025498 | 210254981 | 第三借阅区/ [索取号:R199.2-65/244] | 在馆 | |
| 4 | 1025499 | 210254990 | 第三借阅区/ [索取号:R199.2-65/244] | 在馆 | |
| 5 | 1025500 | 210255007 | 密集书库-生命科学系/ [索取号:R199.2-65/244] | 在馆 |